000 00560nam a2200229Ia 4500
003 OSt
005 20220924153040.0
006 a|||||r|||| 00| 0
007 ta
008 220923b |||||||| |||| 00| 0 guj d
024 _a346606
037 _cTextual
040 _aARTS
_cARTS
_bguj
041 _2guj
_aguj
082 _aO156,3N092,2, J8
100 _aBrambhatt
_9228038
245 0 _aRasda
260 _c1958
650 _aGUJRATI LITERATURE
942 _hO156,3N092,2, J8
_cTEXL
_2CC
999 _c472147
_d472147